Science Quiz

Random Science or Animal Quiz
Score 0/20 Timer 10:00
13 Plays Today
% Correct
nine-banded armadillo
94.5%
coyote
93.5%
raccoon
93.2%
cougar
92.5%
pronghorn
89.9%
Canada lynx
89.3%
ring-tailed cat
88.9%
prairie dog
88%
Virginia opossum
85.8%
southern flying squirrel
84.6%
% Correct
American bison
83.8%
wolverine
83.6%
muskox
80.9%
caribou
80.9%
American pine marten
79.7%
moose
78.3%
N. American river otter
77.5%
North American beaver
75.8%
muskrat
73.6%
collared peccary
70.1%
Remove Ads.
Support Sporcle.
Get the best of Sporcle when you Go Orange. This ad-free experience offers more features, more stats, and more fun while also helping to support Sporcle. Thank you for becoming a member.

You're not logged in!

Compare scores with friends on all Sporcle quizzes.
OR
Log In

Show Comments

Extras

Top Quizzes Today


Score Distribution

Your Account Isn't Verified!

In order to create a playlist on Sporcle, you need to verify the email address you used during registration. Go to your Sporcle Settings to finish the process.

Report this User

Report this user for behavior that violates our Community Guidelines.

Details: